Catálogo

La visión de Dios / (Registro nro. 61023)

Detalles MARC
000 -LEADER
fixed length control field 01377cam a2200373 i 4500
001 - CONTROL NUMBER
control field 61023
003 - CONTROL NUMBER IDENTIFIER
control field Mx-PuUPA
005 - DATE AND TIME OF LATEST TRANSACTION
control field 20250625111559.0
008 - FIXED-LENGTH DATA ELEMENTS--GENERAL INFORMATION
fixed length control field 140415s2007 sp gr 000 0 spa d
017 ## - COPYRIGHT OR LEGAL DEPOSIT NUMBER
Copyright or legal deposit number NA 627-2007
020 ## - INTERNATIONAL STANDARD BOOK NUMBER
International Standard Book Number 9788431324469
040 ## - CATALOGING SOURCE
Original cataloging agency Mx-PuUPA
Language of cataloging spa
Transcribing agency Mx-PuUPA
Modifying agency Mx-PuUPA
Description conventions rda
041 1# - LANGUAGE CODE
Language code of text/sound track or separate title spa
Language code of original ita
100 0# - MAIN ENTRY--PERSONAL NAME
Personal name Nicholas,
Titles and words associated with a name of Cusa, Cardinal,
Dates associated with a name 1401-1464
Relator term autor
9 (RLIN) 8008
240 13 - UNIFORM TITLE
Uniform title De visione Dei.
Language of a work Español
245 13 - TITLE STATEMENT
Title La visión de Dios /
Statement of responsibility, etc. Nicolás de Cusa ; traducción e introducción de Ángel Luis González
250 ## - EDITION STATEMENT
Edition statement Quinta edición /
Remainder of edition statement revisada
264 #1 - PRODUCTION, PUBLICATION, DISTRIBUTION, MANUFACTURE, AND COPYRIGHT NOTICE
Place of production, publication, distribution, manufacture Navarra, España :
Name of producer, publisher, distributor, manufacturer Ediciones Universidad de Navarra,
Date of production, publication, distribution, manufacture, or copyright notice 2007
300 ## - PHYSICAL DESCRIPTION
Extent 151 páginas ;22 cm
336 ## - CONTENT TYPE
Fuente rdacontent
Content type term texto
Content type code txt
337 ## - MEDIA TYPE
Source rdamedia
Media type term sin medio
Media type code n
338 ## - CARRIER TYPE
Source rdacarrier
Carrier type term volumen
Carrier type code nc
490 0# - SERIES STATEMENT
Series statement Colección Filosófica ;
Volume/sequential designation 89
600 04 - SUBJECT ADDED ENTRY--PERSONAL NAME
Personal name Dios
General subdivision Historia de las doctrinas
Chronological subdivision Edad media, 600-1500
600 04 - SUBJECT ADDED ENTRY--PERSONAL NAME
Personal name Dios (Teoría del conocimiento)
650 #7 - SUBJECT ADDED ENTRY--TOPICAL TERM
Source of heading or term armarc
Topical term or geographic name entry element Iglesia
General subdivision Historia
Chronological subdivision Edad media, 600-1500
650 #7 - SUBJECT ADDED ENTRY--TOPICAL TERM
Source of heading or term armarc
Topical term or geographic name entry element Misticismo
General subdivision Historia
Chronological subdivision Edad media, 600-1500
650 #7 - SUBJECT ADDED ENTRY--TOPICAL TERM
Source of heading or term armarc
Topical term or geographic name entry element Lo absoluto (Filosofía)
700 1# - ADDED ENTRY--PERSONAL NAME
Personal name González, Ángel Luis,
Relator term traductor
765 0# - ORIGINAL LANGUAGE ENTRY
Main entry heading Cusa, Nicolás de,
Title De visione Dei.
942 ## - ADDED ENTRY ELEMENTS (KOHA)
Source of classification or shelving scheme Dewey Decimal Classification
Koha item type Libro
Classification part 231.76
Item part N5818
Existencias
Withdrawn status Lost status Source of classification or shelving scheme Damaged status Not for loan Collection code Home library Current library Shelving location Date acquired Total Checkouts Full call number Barcode Date last seen Price effective from Koha item type
    Dewey Decimal Classification     General Centro de Estudios en Ciencia y Religión Centro de Estudios en Ciencia y Religión Sala general 25/06/2025   231.76 N5818 2007 86411 05/01/2026 25/06/2025 Libro